01779nam a22002177a 450000500170000000800410001704000700005804100130012808200120014124502380015325000300039126000570042130000360047850004960051450000400101050503630105050600210141354600580143465000420149265000270153420161019080305.0130419s1872||||fr ||||fr|||||001|0|fre|d aCo-BoUCMbspacSandra Yazo (modificó)dSandra Yazo (modificó)0 aspaafre04a44822003aEl Traductor francésbIntroducción a la lengua francesa conteniendo fábulas y cuentos escogidos, hechos notables, anécdotas divertidas etc. Con un diccionario de todas las voces contenidas en el libro traducidas al castellano aSexta edición aumentada aParís (Francia)bLibrería de Rosa y Bouretc1872 a245, [2] páginasc16 x 11 cm. aDetalles físicos: Encuadernación rígida (holandesa) en cartón forrado en papel y lomo en tela encolada. Tapas con datos de publicación impresos, enmarcada en un recuadro. Guardas, la delantera con anotación manuscrita. Portada impresa en una sola tinta. Texto en una sola columna con varios tipos y tamaños de letra. Párrafos numerados. Al final texto en dos columnas. Papel muy manchado. Página 15 con rotura en borde superior. Página 24 -25 notoria página arrancada.  aEn la tapa indica: Nueva edición.2 a66 ejercicios de traducción: Los dos vecinos ; La desobediencia castigada ; Los castillos de España ; La cigarra y la hormiga ; El gallo y la perla ; Enrique VIII y el Obispo ; El ratón de ciudad y el ratón de campo ; Los antiguos mexicanos ; Los galos y los francos ; Cristóbal Colón ante los reyes de España -- Diccionario francés-español aConsulta en sala aTexto en francés y algunas expresiones en español 7aFrancésxEspañolvLibros de texto 7aFrancésxEnseñanza